| 000 | 00545nam a2200217 a 4500 | ||
|---|---|---|---|
| 001 | 0001-2029 | ||
| 003 | ELIB.Books | ||
| 008 | 190625 2010 eng | ||
| 020 | _aKBTS | ||
| 092 |
_a266.61 _bHun |
||
| 100 | _aHunt, Rosalie Hall. | ||
| 245 | _aThe Judson History and Legacy | ||
| 260 |
_aVilley Forge _bJudson Press _c2005 |
||
| 300 |
_a403 _c23 Cm |
||
| 650 | _aMission | ||
| 856 |
_nKBTS Library _uKBTS Elib |
||
| 942 |
_2ddc _cBK |
||
| 990 | _a1 | ||
| 998 |
_aEnglishbooks.elf _ccat _e2019-06-25 |
||
| 999 |
_c12029 _d12029 |
||